<?xml version="1.0" encoding="UTF-8"?>
<collection xmlns="http://www.loc.gov/MARC21/slim">
 <record>
  <leader>01339nam a2200205 a 4500</leader>
  <controlfield tag="001">1/34354</controlfield>
  <controlfield tag="008">080220s2006    gr       bi   00010 gre d</controlfield>
  <datafield tag="020" ind1=" " ind2=" ">
   <subfield code="a">9602723564</subfield>
  </datafield>
  <datafield tag="035" ind1=" " ind2=" ">
   <subfield code="l">36824</subfield>
  </datafield>
  <datafield tag="040" ind1=" " ind2=" ">
   <subfield code="a">GR-PeUP</subfield>
  </datafield>
  <datafield tag="082" ind1="0" ind2="0">
   <subfield code="a">343.0721 ΑΡΓ</subfield>
  </datafield>
  <datafield tag="100" ind1="1" ind2=" ">
   <subfield code="a">Αργυροηλιόπουλος, Ηλίας Γ.,</subfield>
   <subfield code="d">1971-</subfield>
  </datafield>
  <datafield tag="245" ind1="1" ind2="2">
   <subfield code="a">Η ιδιωτική και δημόσια διαφθορά ως έγκλημα αθέμιτου ανταγωνισμού :</subfield>
   <subfield code="b">μία προσέγγιση υπό το πρίσμα των επιχειρηματικών συναλλαγών /</subfield>
   <subfield code="c">Ηλίας Γ. Αργυροηλιόπουλος.</subfield>
  </datafield>
  <datafield tag="260" ind1="0" ind2=" ">
   <subfield code="a">Αθήνα :</subfield>
   <subfield code="b">Νομική Βιβλιοθήκη,</subfield>
   <subfield code="c">2006.</subfield>
  </datafield>
  <datafield tag="504" ind1=" " ind2=" ">
   <subfield code="a">Περιέχει βιβλιογραφία και ευρετήριο.</subfield>
  </datafield>
  <datafield tag="650" ind1=" " ind2="4">
   <subfield code="a">Διαφθορά.</subfield>
  </datafield>
  <datafield tag="650" ind1=" " ind2="4">
   <subfield code="a">Δημόσιες υπηρεσίες, οργανισμοί και επιχειρήσεις</subfield>
   <subfield code="x">Πρακτικές διαφθόρας.</subfield>
  </datafield>
  <datafield tag="650" ind1=" " ind2="4">
   <subfield code="a">Εταιρείες, ιδρύματα κλπ.</subfield>
   <subfield code="x">Πρακτικές διαφθοράς.</subfield>
  </datafield>
  <datafield tag="650" ind1=" " ind2="4">
   <subfield code="a">Δημόσιες υπηρεσίες, οργανισμοί και επιχειρήσεις</subfield>
   <subfield code="x">Δίκαιο και νομοθεσία.</subfield>
  </datafield>
  <datafield tag="852" ind1=" " ind2=" ">
   <subfield code="a">INST</subfield>
   <subfield code="b">UNIPILB</subfield>
   <subfield code="c">MAIN</subfield>
   <subfield code="e">20080220</subfield>
   <subfield code="h">343.0721 ΑΡΓ</subfield>
   <subfield code="p">00155212</subfield>
   <subfield code="q">00155212</subfield>
   <subfield code="t">LOAN</subfield>
   <subfield code="y">0</subfield>
   <subfield code="4">1</subfield>
  </datafield>
 </record>
</collection>
